000
00256pam a2200121 a 4500
020
_c
041
_a
eng
100
_a
Buldwin Earl.
245
_a
On England
_h
Textual Documents
260
_a
New York
_b
Penguin Books Ltd
300
_a
246p.
930
_a
15233
999
_c
92133
_d
92133